| 000 | 00506nam a22001697a 4500 | ||
|---|---|---|---|
| 999 |
_c17883 _d17883 |
||
| 008 | 190916b xxu||||| |||| 00| 0 eng d | ||
| 020 | _a0470197493 | ||
| 050 |
_aTX531 _b.L96 2012 c.1 |
||
| 100 | _aLynch, Francis T. | ||
| 245 |
_aThe Book of Yields _bAccuracy in Food Costing and Purchasing _cFrancis T. Lynch |
||
| 250 | _a8th ed. | ||
| 260 |
_aNew Jersey _bWiley _c2012 |
||
| 300 | _axxi, 297p. | ||
| 650 |
_aFood Analysis _vTables |
||
| 650 |
_aFood Weight and measures _vTables |
||
| 942 |
_2lcc _cBK |
||